Taylor Swift - Paroles Christmas Tree Farm - Statistiques

Statistiques générales
  • Ce quiz a été pris 13 fois
  • Le résultat moyen est 255 sur 304
Statistiques - réponses
Hint Réponse % Correct
a
100%
Christmas
100%
come
100%
farm
100%
heart
100%
I
100%
"I
100%
(I
100%
Couplet 1 | Couplet 2 In
100%
in
100%
me,
100%
me
100%
Merry
100%
Intro My
100%
my
100%
people
100%
the
100%
there
100%
tree
100%
Where
100%
and
90%
And
90%
Baby,
90%
baby,
90%
be
90%
comes
90%
dance
90%
every
90%
fire
90%
is
90%
Just
90%
just
90%
light
90%
lights
90%
love
90%
mistletoe
90%
of
90%
Oh,
90%
telling
90%
that
90%
There's
90%
To
90%
to
90%
(To
90%
(to
90%
too
90%
true
90%
under
90%
Refrain Under
90%
Watching
90%
wish
90%
would
90%
you
90%
you"
90%
You
90%
you)
90%
your
90%
alone
80%
arms
80%
back
80%
blue
80%
dreams
80%
else
80%
everything
80%
feeling
80%
forgiven
80%
glow
80%
home
80%
icy
80%
I'm
80%
like
80%
little
80%
Mistakes
80%
remind
80%
somewhere
80%
Takes
80%
wanna
80%
when
80%
are
70%
being
70%
close
70%
eyes
70%
holiday
70%
holly
70%
I'll
70%
magic
70%
shopping
70%
snow
70%
sparkling
70%
Pré-refrain Sweet
70%
tonight
70%
traffic
70%
up
70%
world
70%
yeah
70%
But
60%
by
60%
fair
60%
isn't
60%
nights
60%
pretend
60%
ribbon
60%
Stress
60%
taken
60%
their
60%
want
60%
we're
60%
winter
60%
coats
50%
dreaming
50%
from
50%
mittens
50%
see
50%
They
50%
cider
40%
flow
40%
kids
40%
sleighs
40%
static
40%
they're
40%
warm
40%
barn
30%
blanket
30%
Bundled
30%
cold
30%
(darling)
30%
inside
30%
know)
30%
out
30%
run
30%
safe
30%
town,
30%
wake
30%
We'd
30%
Aucun quiz correspondant
Distribution des résultats
% des personnes avec chaque résultat
Percentile par nombre de réponses
Votre historique - résultats
Vous n’avez pas pris ce quiz